| 000 | 01141cam a22003014a 4500 | ||
|---|---|---|---|
| 001 | 13893269 | ||
| 005 | 20170923020032.0 | ||
| 008 | 050309s2008 maua 001 0 eng | ||
| 010 | _a 2005045896 | ||
| 020 | _a0321361466 | ||
| 020 | _a9780321361462 | ||
| 035 | _a(OCoLC)ocm58457454 | ||
| 035 | _a(OCoLC)58457454 | ||
| 040 |
_aDLC _cDLC _dYDX _dBAKER _dBTCTA _dYDXCP _dDLC |
||
| 042 | _apcc | ||
| 050 | 0 | 0 |
_aQA39.3 _b.M55 2008b |
| 082 | 0 | 0 |
_a510 _222 |
| 245 | 0 | 0 | _aMathematical ideas. |
| 250 |
_aExpanded 11th ed. / _bCharles D. Miller ... [et al.]. |
||
| 260 |
_aBoston : _bPearson/Addison Wesley, _cc2008. |
||
| 300 |
_axxiii, 1053, [92] p. : _bill. (chiefly col.) ; _c27 cm. |
||
| 500 | _aIncludes index. | ||
| 650 | 0 |
_aMathematics _vTextbooks. |
|
| 700 | 1 |
_aMiller, Charles D. _q(Charles David), _d1942-1986. |
|
| 906 |
_a7 _bcbc _corignew _d1 _eocip _f20 _gy-gencatlg |
||
| 942 |
_2lcc _cBOOKS _hQA 39.3 .M55 2007 _01 |
||
| 999 |
_c11622 _d11622 |
||